1948 1844 1470 1645 1039 1735 1170 1907 1908 1687 1478 1449 1902 1536 1506 1690 1595 1541 1950 1871 1032 1446 1380 1174 1937 1006 1118 1857 1246 1054 1301 1206 1277 1962 1934 1215 1439 1168 1013 1106 1203 1365 1569 1342 1614 1568 1140 1812 1522 1644 1607 1421 1520 1864 1933 1484 1083 1458 1070 1468 1196 1599 1811 1755 1185 1789 1258 1837 1799 1312 1671 1867 1645 1406 1125 1398 1911 1659 1408 1054 1813 1384 1053 1850 1923 1583 1958 1348 1775 1317 1629 1222 1713 1260 1295 1714 1158 1178 1320 BCNSPRNW ULIB Ver.6.0+V

เปลี่ยนเป็นภาษาไทย

Change to English
 แสดงรายละเอียดบรรณานุกรม
  กลับหน้าหลัก

Brief Record : Get Marc (ISO 2709) : E-mail record : QR code < ปิดหน้าต่าง
LEADER : 00000nam 2200000uu 4500
001    13399129092
003     ULIB
008    250716s2567||||th 000 0 tha d
020    ^a9789740338789
050  4 ^aLB1028.3^bร374ก
100 0  ^aรัตนะ บัวสนธ์.
245 1  ^aการวิจัยและพัฒนานวัตกรรมการศึกษา /^cรัตนะ บัวสนธ์.
250    ^aพิมพ์ครั้งที่ 9.
260    ^aกรุงเทพฯ :^bสำนักพิมพ์จุฬาลงกรณ์มหาวิทยาลัย,^c2567.
300    ^a179, [2] หน้า :^bภาพประกอบ
505 0  ^aมโนทัศน์พื้นฐาน : การวิจัยและพัฒนานวัตกรรมการศึกษา -- การศึกษาข้อมูลพื้นฐาน -- การออกแบบ สร้าง และประเมินนวัตกรรมการศึกษา -- การทดลองใช้นวัตกรรมการศึกษา -- การประเมินและปรับปรุงนวัตกรรมการศึกษา -- เครื่องมือเก็บข้อมูลและการวิเคราะห์ข้อมูล -- อาณาบริเวณการวิจัยและพัฒนานวัตกรรมการศึกษา -- การเขียนโครงร่างและรายงานวิจัยและพัฒนานวัตกรรมการศึกษา -- การประเมินคุณภาพงานวิจัยและพัฒนานวัตกรรมการศึกษา
505 0  ^a^tมโนทัศน์พื้นฐาน : การวิจัยและพัฒนานวัตกรรมการศึกษา --^tการศึกษาข้อมูลพื้นฐาน --^tการออกแบบ สร้าง และประเมินนวัตกรรมการศึกษา --^tการทดลองใช้นวัตกรรมการศึกษา --^tการประเมินและปรับปรุงนวัตกรรมการศึกษา --^tเครื่องมือเก็บข้อมูลและการวิเคราะห์ข้อมูล --^tอาณาบริเวณการวิจัยและพัฒนานวัตกรรมการศึกษา --^tการเขียนโครงร่างและรายงานวิจัยและพัฒนานวัตกรรมการศึกษา --^tการประเมินคุณภาพงานวิจัยและพัฒนานวัตกรรมการศึกษา
505 2  ^aบทที่ 1. มโนทัศน์พื้นฐาน : การวิจัยและพัฒนานวัตกรรมการศึกษา -- บทที่ 2. การศึกษาข้อมูลพื้นฐาน -- บทที่ 3. การออกแบบ สร้าง และประเมินนวัตกรรมการศึกษา -- บทที่ 4. การทดสอบใช้นวัตกรรมการศึกษา -- บทที่ 5. การประเมินและปรับปรุงนวัตกรรมการศึกษา -- บทที่ 6. เครื่องมือเก็บข้อมูลและการวิเคราะห์ข้อมูล -- บทที่ 7. อาณาบริเวณการวิจัยและพัฒนานวัตกรรมการศึกษา -- บทที่ 8. การเขียนโครงร่างและรายงานวิจัยและพัฒนานวัตกรรมการศึกษา -- บทที่ 9. การประเมินคุณภาพงานวิจัยและพัฒนานวัตกรรมการศึกษา.
505 2  ^aมโนทัศน์พื้นบ้าน : การวิจัยและพัฒนานวัตกรรมการศึกษา -- การศึกษาข้อมูลพื้นฐาน -- การออกแบบ สร้าง และประเมินนวัตกรรมการศึกษา -- การทดลองใช้นวัตกรรมการศึกษา -- การประเมินและปรับปรุงนวัตกรรมการศึกษา -- เครื่องมือเก็บข้อมูลและการวิเคราะห์ข้อมูล -- อาณาบริเวณการวิจัยและพัฒนานวัตกรรมการศึกษา -- การเขียนโครงร่างและรายง่านวิจัยและพัฒนานวัตกรรมการศึกษา -- การประเมินคุณภาพงานวิจัยและพัฒนานวัตกรรมการศึกษา.
650  4 ^aนวัตกรรมการศึกษา.
650  4 ^aนวัตกรรมทางการศึกษา.
650  4 ^aนวัตกรรมทางการศึกษา^xวิจัย.
650  7 ^aการศึกษา^xวิจัย
650  7 ^aการศึกษา^xวิธีการทดลอง
650 0   ^aการวิจัย
655  4 ^aHumanities and Social Sciences Branch.
945    ^p200^l0^i011834
945    ^p200^l0^i011835
945    ^p200^l0^i011836
999    ^aประนอม เกษจรัล
รายการนี้ยังไม่มีแท็ก
คุณยังไม่ได้ล็อกอิน คุณสามารถมีกิจกรรมร่วมกับเว็บไซต์ได้ แต่ต้องล็อกอินก่อน ::
  ล็อกอิน

รายการสื่อสารสนเทศ

ลำดับที่ ประเภท เลขเรียก/บาร์โค้ด สถานที่ สถานะ
1. การศึกษาทั่วไป
หนังสือสำรอง
สถานะ=หนังสือสำรอง
LB1028.3 ร374ก ฉ.1 
  Barcode: 011834
ห้องสมุดวิทยาเขตสวรรค์ประชารักษ์
►หนังสือทั่วไป
บนชั้น
2. การศึกษาทั่วไป
การศึกษาทั่วไป
LB1028.3 ร374ก ฉ.2 
  Barcode: 011835
ห้องสมุดวิทยาเขตสวรรค์ประชารักษ์
►หนังสือทั่วไป
บนชั้น
3. การศึกษาทั่วไป
การศึกษาทั่วไป
LB1028.3 ร374ก ฉ.3 
  Barcode: 011836
ห้องสมุดวิทยาเขตสวรรค์ประชารักษ์
►หนังสือทั่วไป
บนชั้น

รายการใกล้เคียง
    ผู้แต่ง [รัตนะ บัวสนธ์.]

    หัวเรื่อง [นวัตกรรมการศึกษา.]
    หัวเรื่อง [นวัตกรรมทางการศึกษา.]
    หัวเรื่อง [การวิจัย]

BibComment


ยังไม่เคยถูกคอมเมนท์

คอมเมนท์ทรัพยากรรายการนี้
  คอมเมนท์: การวิจัยและพัฒนา..


 Copyright 2026. Bcnsprnw @Library